Halk fırkasından günümüze (Record no. 771)

MARC details
000 -BAŞLIK
Sabit Uzunlukta Kontrol Alanı 00705na a2200229 4500
001 - KONTROL NUMARASI
Denetim Alanı 21472
003 - KONTROL NUMARASI IDENTIFIER
Denetim Alanı MIRAKIL
005 - SON İŞLEM TARİHİ VE ZAMANI
Denetim Alanı 20181213154800.0
008 - SABİT-BOY VERİ ELEMANLARI - GENEL BİLGİLER
Sabit Uzunlukta Kontrol Alanı 170204b tu 000 0
040 ## - KATALOGLAMA KAYNAK
Orijinal Kataloglama Ajansı Milas
Kataloglama Dili tur
Metne Dönüştürmek Ajansı TR-AnCHP
041 ## - DİL KODU
Metin / Ses Parça Veya Ayrı Başlığın Dil Kodu tur
082 ## - DEWEY ONLU SINIFLANDIRMA NUMARASI
Sınıflandırma Numarası 320.95614
Ürün Numarası Ö93h 2003
090 ## - SINIFLAMA NUMARASI
Sınıflama Numarası 320.95614 Ö93h 2003
100 ## - ANA GİRİŞ - KİŞİSEL İSİM
Kişisel Ad Özen, H. İsmail
245 ## - BAŞLIK TABLOSU
Başlık Halk fırkasından günümüze
Başlığın Kalan Eskişehir ve ilçelerinin yeri
260 ## - YAYIN, DAĞITIM, VB
Yayın, Dağıtım, Vb Yeri Eskişehir
Yayıncı, Dağıtıcı, Vs Adı [yayl. y.]
Yayın, Dağıtım, Vb Tarihi 2003
Üretici Firma Yeşilyurt Matbaacılık
300 ## - FİZİKSEL TANIM
Kapsam 214 s.
Diğer Fiziksel Ayrıntıları fotg. ; tbl.
Boyutlar 23 sm.
500 ## - GENEL NOT
Genel Not Yazar 16. dönem Eskişehir milletvekilidir.
610 ## - KONU KATMA GİRİŞ - TOPLANTI ADI
Giriş Elemanı Olarak Kurumsal Ad Veya Yargı Alanı Adı CHP
Alt Birim Eskişehir
-- Tarih
651 ## - KONU KATMA GİRİŞ - COĞRAFİ ADI
Coğrafi İsim Eskişehir
Form Alt Bölümü CHP
-- Siyasal yapı
942 ## - EKLENDİ GİRİŞ ELEMANLARI (KOHA)
Sınıflandırma Veya Raf Düzeni Kaynak Dewey Decimal Classification
Koha Öğesi Türü Books
999 ## - SİSTEM KONTROL NUMARALARI (KOHA)
Koha Biblionumber 771
Koha Biblioitemnumber 771
Holdings
Kalıcı Konum Mevcut Konum Edinme Tarihi Edinim Kaynak Toplam Check-Out'Lar Tam Çağrı Numarası Barkod Tarih Son Görülme İtibaren Geçerli Fiyatlar Koha Öğesi Türü
CHP Kütüphanesi CHP Kütüphanesi 02/04/2017 Bağış   320.95614 Ö93h 2003 015526 02/04/2017 02/04/2017 Books